لسان العرب لابن منظور / (Record no. 59320)
[ view plain ]
| 000 -الفاتح | |
|---|---|
| حقل البيانات ثابتة الطول | 00942nam a2200229Ia 4500 |
| 005 - وقت وتاريخ اخر تعامل مع التسجيلة | |
| رقم الضبط | 20240530110208.0 |
| 008 - عناصر البيانات ثابتة الطول - معلومات عامة | |
| حقل البيانات ثابتة الطول | 140319s9999 xx 000 0 ara d |
| 040 ## - مصدر الفهرسة | |
| وكالة الفهرسة الأصلية | GCL / |
| وكالة النسخ | GCL |
| 082 04 - رقم تصنيف ديوى العشرى | |
| رقم التصنيف | م |
| رقم المادة | 413 / |
| -- | ا ل |
| 100 1# - المدخل الرئيسى - إسم شخصى | |
| الإسم الشخصى | ابن منظور |
| 245 10 - بيان العنوان | |
| العنوان | لسان العرب لابن منظور / |
| بيان المسئوليه,etc | تاليف ابن منظور محقق عبدالله على الكبير ، محمد احمد حسب الله ، هاشم محمد الشاذلى |
| 260 ## - PUBLICATION, DISTRIBUTION, ETC. (IMPRINT) | |
| تاريخ النشر أو التوزيع | د . ت |
| 300 ## - الوصف المادى | |
| التعداد | متعدد ، |
| تفاصيل ماديه اخرى للوعاء | 30 سم |
| 500 ## - تبصرة عامة | |
| تبصرة عامة | يحتوى على 6 مجلدات + 3 فهارس |
| 650 04 - المدخل الاضافى بالموضوع-مصطلح موضوعى | |
| مصطلح موضوعي | الادب العربى |
| 650 04 - المدخل الاضافى بالموضوع-مصطلح موضوعى | |
| مصطلح موضوعي | الفهارس |
| 700 1# - المدخل الاضافى - اسم شخصى | |
| الإسم الشخصى | محمد احمد حسب الله |
| الدور | محقق |
| 700 1# - المدخل الاضافى - اسم شخصى | |
| الإسم الشخصى | هاشم محمد الشاذلى |
| الدور | محقق |
| 700 1# - المدخل الاضافى - اسم شخصى | |
| الإسم الشخصى | عبدالله على الكبير |
| الدور | محقق |
| 942 ## - عناصر المدخل الإضافي( كوها) | |
| مصدر التصنيف او مخطط الترفيف | Dewey Decimal Classification |
| Koha [default] item type | كتاب |
| 260 ## - PUBLICATION, DISTRIBUTION, ETC. (IMPRINT) | |
| -- | القاهرة : |
| -- | دار المعارف، |
| حالة التراجع | حالة الفقد | حالة تلف | ليس للاعارة | المكان المؤقت | الموقع الحالى | تاريخ الاكتساب | اجمالي اﻻعارات | رقم الطلب | الباركود | تاريخ اخر مشاهدة | تاريخ تفعيل السعر | نوع وعاء كوها | موقع الترفيف |
|---|---|---|---|---|---|---|---|---|---|---|---|---|---|
| مكتبة القاهرة الكبرى | مكتبة القاهرة الكبرى | 03/26/2014 | م\413\ا ل | 154137 | 03/26/2014 | 03/26/2014 | المراجع | ||||||
| مكتبة القاهرة الكبرى | مكتبة القاهرة الكبرى | 03/26/2014 | م\413\ا ل | 154138 | 03/26/2014 | 03/26/2014 | المراجع | ||||||
| مكتبة القاهرة الكبرى | مكتبة القاهرة الكبرى | 03/26/2014 | م\413\ا ل | 154139 | 03/26/2014 | 03/26/2014 | المراجع | ||||||
| مكتبة القاهرة الكبرى | مكتبة القاهرة الكبرى | 03/26/2014 | م\413\ا ل | 154140 | 03/26/2014 | 03/26/2014 | المراجع | ||||||
| مكتبة القاهرة الكبرى | مكتبة القاهرة الكبرى | 03/26/2014 | م\413\ا ل | 154141 | 03/26/2014 | 03/26/2014 | المراجع | ||||||
| مكتبة القاهرة الكبرى | مكتبة القاهرة الكبرى | 03/26/2014 | م\413\ا ل | 154142 | 03/26/2014 | 03/26/2014 | المراجع | ||||||
| مكتبة القاهرة الكبرى | مكتبة القاهرة الكبرى | 03/26/2014 | م\413\ا ل | 154143 | 03/26/2014 | 03/26/2014 | المراجع | ||||||
| مكتبة القاهرة الكبرى | مكتبة القاهرة الكبرى | 03/26/2014 | م\413\ا ل | 154144 | 03/26/2014 | 03/26/2014 | المراجع | ||||||
| مكتبة القاهرة الكبرى | مكتبة القاهرة الكبرى | 09/19/2022 | م 413 / ا ل | 168532 | 09/19/2022 | 09/19/2022 | كتاب |

